[Event "2008 Standard Chess Dropout Tournament, Round 3"]
[Site "SchemingMind.com"]
[Date "2008.07.26"]
[Round "3"]
[White "fer_even"]
[Black "GrischukFan"]
[Result "1-0"]
[WhiteCountry "ARG"]
[BlackCountry "GER"]
[WhiteElo "2535"]
[WhiteRD "87"]
[BlackElo "2248"]
[BlackRD "86"]
[GameID "164371"]

1. d4 Nf6 2. c4 e6 3. Nf3 b6 4. g3 Ba6 5. b3 Bb4+ 6. Bd2 Be7 7. Bg2 d5 8. cxd5 exd5 9. Nc3 O-O 10. O-O Nbd7
11. Ne5 Bb7 12. Qc2 Re8 13. Rad1 Nf8 14. Bg5 Ne6 15. Bxf6 Bxf6 16. f4 Rc8 17. b4 c5 18. dxc5 bxc5 19. Nxd5 cxb4 20. Nxf6+ Qxf6
21. Qa4 Bxg2 22. Kxg2 Qe7 23. Rd7 Qc5 24. Rxf7 a5 25. Rd7 Qe3 26. Qd1 Qe4+ 27. Rf3 Rc2 28. Kf2 Rxa2 29. Re3 Qf5 30. Nf3 Qc5
31. Nd4
1-0

[Event "2008 Standard Chess Dropout Tournament, Round 3"]
[Site "SchemingMind.com"]
[Date "2008.07.21"]
[Round "3"]
[White "fishofchaos"]
[Black "Space"]
[Result "0-1"]
[WhiteCountry "ENG"]
[BlackCountry "SWE"]
[WhiteElo "1857"]
[WhiteRD "79"]
[BlackElo "2241"]
[BlackRD "80"]
[GameID "164372"]

1. d4 Nf6 2. c4 e6 3. Nf3 c5 4. d5 exd5 5. cxd5 d6 6. e4 g6 7. Bd3 Bg7 8. O-O O-O 9. h3 b5 10. Re1 Ba6
11. Qc2 c4 12. Be2 Nbd7 13. Bg5 Rc8 14. b3 Qe8 15. bxc4 Nxe4 16. Bd3 Nxg5 17. Rxe8 Nxf3+ 18. gxf3 Rcxe8 19. Nc3 b4
0-1

[Event "2008 Standard Chess Dropout Tournament, Round 3"]
[Site "SchemingMind.com"]
[Date "2008.07.21"]
[Round "3"]
[White "fjpv"]
[Black "Dr_Pat"]
[Result "1-0"]
[WhiteCountry "POR"]
[BlackCountry "USA"]
[WhiteElo "2402"]
[WhiteRD "85"]
[BlackElo "1932"]
[BlackRD "59"]
[GameID "164373"]

1. e4 Nf6 2. e5 Nd5 3. d4 d6 4. Nf3 Bg4 5. c4 Nb6 6. exd6 cxd6 7. Be2 Nc6 8. Nbd2 e6 9. Qb3 Be7 10. h3 Bh5
11. d5 exd5 12. cxd5 Ne5 13. Nxe5 Bxe2 14. Nxf7 Kxf7 15. Kxe2 Qd7 16. Rd1 Rhe8 17. Ne4 Bf6 18. f3 Rac8 19. Be3 Nc4 20. Bd4 Bxd4
21. Rxd4 b5 22. a4 a6 23. axb5 axb5 24. Qb4 Kg8 25. Kf2 Rc7 26. b3 Ra7 27. Rxa7 Qxa7 28. Qc3 Nb6 29. Qc6 Nd7 30. Ke3 Kh8
31. Qxb5 Nf6 32. Qa4 Qe7 33. Kf2 Qe5 34. Qb4 Ra8 35. Nxf6 Qxf6 36. Re4
1-0

[Event "2008 Standard Chess Dropout Tournament, Round 3"]
[Site "SchemingMind.com"]
[Date "2008.07.21"]
[Round "3"]
[White "Gordon"]
[Black "fer_even"]
[Result "1/2-1/2"]
[WhiteCountry "ENG"]
[BlackCountry "ARG"]
[WhiteElo "2312"]
[WhiteRD "85"]
[BlackElo "2535"]
[BlackRD "87"]
[GameID "164374"]

1. e4 e5 2. Nf3 Nc6 3. Bb5 a6 4. Ba4 Nf6 5. O-O Be7 6. Re1 b5 7. Bb3 O-O 8. h3 Bb7 9. d3 d6 10. a3 Nb8
11. Nbd2 Nbd7 12. Nf1 h6 13. Ng3 Re8 14. Nf5 Bf8 15. Nh2 Nc5 16. Ba2 Bc8 17. Qf3 Be6 18. Be3 Bxa2 19. Rxa2 Ne6 20. Raa1 h5
21. Rad1 g6 22. Qg3 Nd7 23. Nh6+ Bxh6 24. Bxh6 a5 25. Be3 b4 26. Nf3 bxa3 27. bxa3 Ndc5 28. Bxc5 Nxc5 29. d4 exd4 30. e5 dxe5
31. Rxe5 Ne6 32. Rxh5 Qf6 33. Rh4 c5 34. Nd2 Ng7 35. Re4 Qc6 36. Qf3 Rad8 37. Rxe8+ Qxe8=
1/2-1/2

[Event "2008 Standard Chess Dropout Tournament, Round 3"]
[Site "SchemingMind.com"]
[Date "2008.07.26"]
[Round "3"]
[White "GrischukFan"]
[Black "king3012"]
[Result "0-1"]
[WhiteCountry "GER"]
[BlackCountry "AUT"]
[WhiteElo "2150"]
[WhiteRD "77"]
[BlackElo "2466"]
[BlackRD "106"]
[GameID "164375"]

1. d4 Nf6 2. c4 e6 3. Nf3 a6 4. Nc3 c5 5. d5 d6 6. e4 exd5 7. cxd5 b5 8. Qc2 g6 9. Be2 Qe7 10. O-O Bg7
11. Bg5 Nbd7 12. Nd2 h6 13. Bh4 O-O 14. Rae1 Nb6 15. f4 Qc7 16. Bf3 Rb8 17. e5 Bf5 18. Qd1 Ne8 19. Qe2 b4 20. Nd1 c4
21. Be4 c3 22. Nb3 Bxe4 23. Qxe4 Nc4 24. bxc3 dxe5 25. fxe5 Bxe5 26. Bg3 Bxg3 27. hxg3 Ned6 28. Qf4 bxc3 29. Nxc3 Qb6+ 30. Kh2 Rbe8
31. Nd4= Qb2
0-1

[Event "2008 Standard Chess Dropout Tournament, Round 3"]
[Site "SchemingMind.com"]
[Date "2008.07.21"]
[Round "3"]
[White "HanadaNo3"]
[Black "fishofchaos"]
[Result "1-0"]
[WhiteCountry "USA"]
[BlackCountry "ENG"]
[WhiteElo "2387"]
[WhiteRD "75"]
[BlackElo "1857"]
[BlackRD "79"]
[GameID "164376"]

1. Nf3 c5 2. c4 Nf6 3. Nc3 e6 4. g3 b6 5. Bg2 Bb7 6. O-O Be7 7. d4 cxd4 8. Qxd4 d6 9. Rd1 O-O 10. Bg5 Nbd7
11. Nb5 d5 12. cxd5 Bxd5 13. Nc3 Bc6 14. Rac1 h6 15. Bxf6 Bxf6 16. Qe3 Qe7 17. Nd2 Bxg2 18. Kxg2 Qc5 19. Qxc5 Nxc5 20. b4 Nd7
21. Nde4 Rfd8 22. Nb5 Be5 23. f4 a6 24. Nbd6 Bxd6 25. Rxd6 Ra7 26. Rcd1 Kf8 27. Rc6 Ke7 28. Nd6 b5 29. Nc8+ Rxc8 30. Rxc8 Nb6
31. Rc5 Nd5 32. Rd4 g5 33. fxg5 hxg5 34. e4 Ne3+ 35. Kf3 Nc4 36. Rxg5
1-0

[Event "2008 Standard Chess Dropout Tournament, Round 3"]
[Site "SchemingMind.com"]
[Date "2008.07.26"]
[Round "3"]
[White "Hawkmanzz"]
[Black "markakeen"]
[Result "1-0"]
[WhiteCountry "USA"]
[BlackCountry "GBR"]
[WhiteElo "2161"]
[WhiteRD "119"]
[BlackElo "1958"]
[BlackRD "97"]
[GameID "164377"]

1. d4 Nf6 2. c4 g6 3. Nc3 Bg7 4. e4 d6 5. Nf3 O-O 6. Be2 Na6 7. O-O e5 8. dxe5 dxe5 9. Be3 Ng4 10. Bg5 f6
11. Bc1 c6 12. h3 Nh6 13. a3 Nf7 14. Qc2 Be6 15. b4 Qe7 16. Be3 b6 17. Qa4 Qb7 18. b5 cxb5 19. cxb5 Nc7 20. Bc4 Rac8
21. Rac1 Rfd8 22. Rfd1 Nd6 23. Bb3 Bf8 24. Rd3 Kg7 25. Rcd1 Be7 26. Kh1 Bxb3 27. Qxb3 Nxe4 28. Rd7 Re8 29. Nd5
1-0

[Event "2008 Standard Chess Dropout Tournament, Round 3"]
[Site "SchemingMind.com"]
[Date "2008.07.21"]
[Round "3"]
[White "hessonchess"]
[Black "NimbleKnight"]
[Result "0-1"]
[WhiteCountry "USA"]
[BlackCountry "USA"]
[WhiteElo "1557"]
[WhiteRD "100"]
[BlackElo "1964"]
[BlackRD "105"]
[GameID "164378"]

1. f4 d5 2. Nf3 Nf6 3. e3 g6 4. b3 Bg7 5. Bb2 O-O 6. Be2 c5 7. O-O Nc6 8. Ne5 Qc7 9. d3 Nd7 10. Nd2 Ndxe5
11. fxe5 Bxe5 12. Bxe5 Nxe5 13. e4 e6 14. c3 b6 15. Rc1 Bb7 16. d4 Nc6 17. e5 Qe7 18. Nf3 f6 19. exf6 Rxf6 20. Bb5 Nd8
21. Ne5 Rxf1+ 22. Qxf1 Nf7 23. Qxf7+ Qxf7 24. Nxf7 Kxf7 25. Rf1+ Kg7 26. g4 Rd8 27. Bd3 Bc6 28. h4 Bd7 29. Rf2 Re8 30. Kg2 e5
31. Bb1 Bxg4
0-1

[Event "2008 Standard Chess Dropout Tournament, Round 3"]
[Site "SchemingMind.com"]
[Date "2008.07.25"]
[Round "3"]
[White "heuschrecke"]
[Black "Adunatos"]
[Result "1-0"]
[WhiteCountry "GER"]
[BlackCountry "NED"]
[WhiteElo "2487"]
[WhiteRD "93"]
[BlackElo "2166"]
[BlackRD "64"]
[GameID "164379"]

1. e4 Nf6 2. e5 Nd5 3. d4 d6 4. Nf3 dxe5 5. Nxe5 c6 6. c4 Nb4 7. Be3 Bf5 8. Bd3 Nxd3+ 9. Nxd3 g6 10. Nc3 Bg7
11. Nf4 O-O 12. O-O Na6 13. Qb3 Rb8 14. Rfd1 Qa5 15. a3 Rfd8 16. d5 Be5 17. h3 Nc5 18. Qb4 Qxb4 19. axb4 Na6 20. dxc6 Rxd1+
21. Rxd1 bxc6 22. b5 cxb5 23. Nfd5 bxc4 24. Nxe7+ Kf8 25. Nc6
1-0

[Event "2008 Standard Chess Dropout Tournament, Round 3"]
[Site "SchemingMind.com"]
[Date "2008.07.25"]
[Round "3"]
[White "Ilang"]
[Black "dmichael"]
[Result "0-1"]
[WhiteCountry "HUN"]
[BlackCountry "USA"]
[WhiteElo "2402"]
[WhiteRD "72"]
[BlackElo "2405"]
[BlackRD "88"]
[GameID "164380"]

1. e4 e5 2. Nf3 Nc6 3. Bb5 a6 4. Ba4 Nf6 5. O-O Nxe4 6. d4 b5 7. Bb3 d5 8. dxe5 Be6 9. Nbd2 Be7 10. c3 O-O
11. Bc2 f5 12. Nb3 Qd7 13. Re1 Bf7 14. Bf4 Bh5 15. Qd3 Nd8 16. Nbd4 c5 17. Nxf5 Rxf5 18. Rxe4 Ne6 19. Bg3 c4 20. Qd2= Bxf3
21. gxf3 Ng5 22. Kh1 Qc6 23. Rg4 Nxf3 24. Qe2 Raf8 25. Bxf5 Rxf5 26. Qc2 Rf7 27. h3 g5 28. Rd1 h5 29. Rgd4 Nxd4 30. cxd4 Qe6
31. Kg2 h4 32. Bh2 g4 33. Qe2 Rf3 34. hxg4 Qxg4+ 35. Kh1 Qf5 36. Rf1 b4 37. e6 c3 38. bxc3 bxc3 39. Kg2 Rd3
0-1

[Event "2008 Standard Chess Dropout Tournament, Round 3"]
[Site "SchemingMind.com"]
[Date "2008.07.22"]
[Round "3"]
[White "jdcald13"]
[Black "Rimfaxe"]
[Result "0-1"]
[WhiteCountry "USA"]
[BlackCountry "DEN"]
[WhiteElo "1950"]
[WhiteRD "77"]
[BlackElo "1817"]
[BlackRD "113"]
[GameID "164381"]

1. e4 e5 2. Nf3 Nc6 3. Bc4 Nf6 4. Ng5 d5 5. exd5 Na5 6. Bb5+ c6 7. dxc6 bxc6 8. Qf3 h6 9. Ne4 Nd5 10. Ba4 Be7
11. Nbc3 O-O 12. Bxc6 Nxc6 13. Nxd5 Nd4 14. Nxe7+ Qxe7 15. Qd1 Bb7 16. f3 Bxe4 17. fxe4 Qh4+ 18. Kf1 Qxe4 19. d3 Qf5+ 20. Kg1 Rad8
21. Be3 Rfe8 22. Qd2 e4 23. Rf1 Qe5 24. c3 Ne2+ 25. Qxe2 exd3 26. Qf2 Qxe3 27. Qxe3 Rxe3 28. Kf2 Re2+ 29. Kf3 Rxb2
0-1

[Event "2008 Standard Chess Dropout Tournament, Round 3"]
[Site "SchemingMind.com"]
[Date "2008.07.26"]
[Round "3"]
[White "Sebastian Strauchler"]
[Black "demiurg"]
[Result "0-1"]
[WhiteCountry "ARG"]
[BlackCountry "HUN"]
[WhiteElo "2184"]
[WhiteRD "120"]
[BlackElo "2371"]
[BlackRD "68"]
[GameID "164382"]

1. e4 c5 2. Nf3 Nc6 3. d4 cxd4 4. Nxd4 Nf6 5. Nc3 e5 6. Ndb5 d6 7. Bg5 a6 8. Na3 b5 9. Nd5 Be7 10. Bxf6 Bxf6
11. c4 b4 12. Nc2 Rb8 13. b3 Bg5 14. g3 O-O 15. h4 Bh6 16. Bh3 Be6 17. Kf1 Qd7 18. Kg2 Bxh3+ 19. Rxh3 f5 20. Qd3 fxe4
21. Qxe4 Rxf2+ 22. Kxf2 Qxh3 23. Qg2 Qg4 24. Nde3 Rf8+ 25. Kg1 Bxe3+ 26. Nxe3 Qf3 27. Nc2 a5 28. Rf1 Qxf1+ 29. Qxf1 Rxf1+ 30. Kxf1 Kf7
31. Kf2 Ke6 32. Ne3 Nd4 33. g4 g6 34. Nd5 h5 35. gxh5 gxh5 36. Nc7+ Ke7 37. Nd5+ Kf7
0-1

[Event "2008 Standard Chess Dropout Tournament, Round 3"]
[Site "SchemingMind.com"]
[Date "2008.07.21"]
[Round "3"]
[White "joralx3"]
[Black "Hawkmanzz"]
[Result "1-0"]
[WhiteCountry "ARG"]
[BlackCountry "USA"]
[WhiteElo "2414"]
[WhiteRD "80"]
[BlackElo "2134"]
[BlackRD "121"]
[GameID "164383"]

1. e4 d6 2. d4 e5 3. Nf3 exd4 4. Nxd4 Nf6 5. Nc3 Be7 6. Bf4 O-O 7. Be2 Nc6 8. Qd2 Nd7 9. Be3 Nxd4 10. Bxd4 Nb6
11. f4 f5 12. O-O fxe4 13. Nxe4 c5 14. Bf2 Be6 15. Bf3 Qc7 16. Nc3 Qd7 17. Rfe1 Bf6 18. Rad1 Bxc3 19. Qxc3 Rxf4 20. Qd2 Rxf3
21. gxf3 Nc4 22. Qe2 Bf7 23. Bxc5 Re8 24. Qf2 Rxe1+ 25. Qxe1 Qf5 26. Bd4 Qxf3 27. Rd3 Qh5 28. Bc3 Qc5+ 29. Qf2 Qg5+ 30. Rg3 Qc1+
31. Qf1 Qxf1+ 32. Kxf1 Bg6 33. h4 Ne5 34. Bxe5 dxe5 35. Rc3 Be4 36. Rc7 h6 37. Ke2 Bc6 38. h5 Kf8 39. Kf2 a6 40. Ke3 Kg8
41. c4 a5 42. b3 Kf8 43. a4 e4 44. Kf4 e3 45. Kxe3 Be8 46. Rxb7 Bxh5 47. b4 Be8 48. Rb6 Ke7 49. bxa5 Kd7 50. Rb8 Kd6
51. Rxe8 Kd7 52. Re5 Kc8 53. Rb5 Kd7 54. a6 Ke6 55. a7 Kf7 56. Rb6 Kg8 57. a8=Q+ Kh7 58. Qe8
1-0

[Event "2008 Standard Chess Dropout Tournament, Round 3"]
[Site "SchemingMind.com"]
[Date "2008.07.22"]
[Round "3"]
[White "keen"]
[Black "dadshane2000"]
[Result "0-1"]
[WhiteCountry "SCO"]
[BlackCountry "USA"]
[WhiteElo "1786"]
[WhiteRD "56"]
[BlackElo "1908"]
[BlackRD "81"]
[GameID "164384"]

1. d4 Nf6 2. e3 g6 3. b3 Bg7 4. Bb2 d6 5. Nf3 Nbd7 6. Nbd2 O-O 7. Be2 e5 8. dxe5 Ng4 9. O-O Ngxe5 10. Nxe5 Nxe5
11. Rb1 Be6 12. f4 Nc6 13. Bxg7 Kxg7 14. e4 Nd4 15. Bd3 f5 16. Nf3 Qf6 17. Ng5 Bd7 18. c3 Nc6 19. e5 dxe5 20. Bb5 Rad8
21. Qf3 h6 22. Nh3 exf4 23. Qxf4 Qxc3 24. Qxc7 Qc5+ 25. Rf2 Qxb5 26. Rd1 Rf7 27. Nf4 Bc8 28. Qxd8 Nxd8 29. Rxd8 Rd7 30. Ne6+ Kf7
0-1

[Event "2008 Standard Chess Dropout Tournament, Round 3"]
[Site "SchemingMind.com"]
[Date "2008.07.23"]
[Round "3"]
[White "king3012"]
[Black "Gordon"]
[Result "1-0"]
[WhiteCountry "AUT"]
[BlackCountry "ENG"]
[WhiteElo "2450"]
[WhiteRD "105"]
[BlackElo "2312"]
[BlackRD "85"]
[GameID "164385"]

1. c4 Nf6 2. Nc3 e6 3. e4 d5 4. e5 d4 5. exf6 dxc3 6. fxg7 cxd2+ 7. Bxd2 Bxg7 8. Qb3 c5 9. O-O-O Nc6 10. Bc3 Qg5+
11. Kb1 Nd4 12. Bxd4 cxd4 13. Nf3 Qc5 14. Bd3 e5 15. Qc2 Bd7 16. Bxh7 O-O-O 17. Bf5 Kb8 18. Bxd7 Rxd7 19. Qf5 Rc7 20. h3 Rd8
21. g4 Rd6 22. Rhe1 f6 23. Nd2 Rb6 24. f4 Qb4 25. Qc2 Bh6 26. g5 fxg5 27. fxe5 g4 28. Nb3 Rxc4 29. Qf5 gxh3 30. e6 Qe7
31. Qxh3 Bg7 32. Qg3+ Kc8 33. Re4 Rc7 34. Rg1 Bf6 35. Qg8+ Qd8 36. Qf7
1-0

[Event "2008 Standard Chess Dropout Tournament, Round 3"]
[Site "SchemingMind.com"]
[Date "2008.07.21"]
[Round "3"]
[White "John Elburg"]
[Black "Dan Geana"]
[Result "1/2-1/2"]
[WhiteCountry "NED"]
[BlackCountry "ROU"]
[WhiteElo "2304"]
[WhiteRD "104"]
[BlackElo "2299"]
[BlackRD "107"]
[GameID "164386"]

1. e4 c5 2. Nf3 d6 3. d4 cxd4 4. Nxd4 Nf6 5. Nc3 a6 6. Bg5 e6 7. f4 Nc6 8. Nxc6 bxc6 9. e5 h6 10. Bh4 g5
11. fxg5 Nd5 12. Ne4 Qb6 13. Bd3 hxg5 14. Bxg5 Qxb2 15. c4 Nb4 16. Nf6+=
1/2-1/2

[Event "2008 Standard Chess Dropout Tournament, Round 3"]
[Site "SchemingMind.com"]
[Date "2008.07.26"]
[Round "3"]
[White "marble"]
[Black "NebAnphu"]
[Result "0-1"]
[WhiteCountry "ENG"]
[BlackCountry "POL"]
[WhiteElo "1761"]
[WhiteRD "56"]
[BlackElo "2198"]
[BlackRD "92"]
[GameID "164387"]

1. e4 d5 2. exd5 Qxd5 3. Nc3 Qa5 4. d4 Nf6 5. Nf3 c6 6. Bc4 Bf5 7. Bd2 e6 8. Qe2 Bb4 9. O-O-O Nbd7 10. Kb1 Nb6
11. a3 Nxc4 12. Qxc4 Bxc3 13. Bxc3 Qd5 14. Qb4 O-O-O 15. Ne5 Rhf8 16. f3 Kb8 17. g4 Bg6 18. f4 Rfe8 19. Rhf1 Ne4 20. Be1 c5
21. Qa4 cxd4 22. Ba5 Nc5 23. Qb5 Ne4 24. Qb4 b6 25. c4 Qb7 26. Ka1 f6 27. Nd3 bxa5 28. Qxa5 Qb6 29. Qa4 Nc5 30. Nxc5 Qxc5
31. Rc1 d3 32. b4 Qd4+ 33. Ka2 d2 34. Rcd1 Qxc4+ 35. Kb2 Qd4+ 36. Ka2 Rc8 37. Qb5+ Ka8 38. Kb3 Qc3+ 39. Ka4 Bc2+
0-1

[Event "2008 Standard Chess Dropout Tournament, Round 3"]
[Site "SchemingMind.com"]
[Date "2008.07.26"]
[Round "3"]
[White "Mariazb"]
[Black "Ilang"]
[Result "0-1"]
[WhiteCountry "ARG"]
[BlackCountry "HUN"]
[WhiteElo "2289"]
[WhiteRD "80"]
[BlackElo "2402"]
[BlackRD "72"]
[GameID "164388"]

1. d4 d5 2. Nf3 Nf6 3. c4 c6 4. Nc3 a6 5. a4 e6 6. Bg5 h6 7. Bh4 dxc4 8. e4 g5 9. Bg3 Bb4 10. Qc2 b5
11. Be2 Bb7 12. O-O Nbd7 13. Nd2 Qb6 14. Rfd1 O-O 15. a5 Bxa5 16. Bd6 Bxc3 17. Qxc3 Rfc8 18. Qe3 c5 19. Be5 cxd4 20. Bxd4 Qc7
21. Qf3 Qf4 22. Qh3 g4 23. Qh4 Qg5 24. Qxg5+ hxg5 25. e5 Nd5 26. Bxg4 c3 27. bxc3 Nxc3 28. Bxc3 Rxc3 29. Bf3 Rc7 30. Bxb7 Rxb7
31. Ne4 Nxe5 32. Nxg5 b4 33. f4 Ng6 34. g3 b3 35. Ne4 Rb4 36. Nc5 Rb5 37. Nd3 a5 38. Kf2 Rc8 39. Rd2 Rd5 40. Ke2 Rc4
41. Rb2 a4 42. Nf2 Ne7 43. Ng4 Rdc5 44. Ne5 Rc2+ 45. Rxc2 Rxc2+ 46. Kd3 Ra2 47. Rh1 Nd5 48. Nc4 Kg7 49. Nd2 b2 50. Rb1 Nb6
51. Kc3 a3 52. Nb3 Nd5+ 53. Kd3 Kf6 54. Kd4 Kf5 55. h3 Nf6 56. Kd3 Ne4 57. Nd4+ Kg6 58. Nc2 Nxg3 59. Rg1 Kf5 60. h4 Kxf4
0-1

[Event "2008 Standard Chess Dropout Tournament, Round 3"]
[Site "SchemingMind.com"]
[Date "2008.07.26"]
[Round "3"]
[White "markakeen"]
[Black "Robert Pallett"]
[Result "0-1"]
[WhiteCountry "GBR"]
[BlackCountry "ENG"]
[WhiteElo "1958"]
[WhiteRD "97"]
[BlackElo "2306"]
[BlackRD "74"]
[GameID "164389"]

1. d4 Nf6 2. c4 e6 3. Nf3 c5 4. d5 exd5 5. cxd5 d6 6. e4 g6 7. Bd3 Bg7 8. O-O O-O 9. h3 b5 10. Re1 c4
11. Bf1 Ba6 12. Qc2 Nbd7 13. a4 b4 14. Bg5 Qc8 15. Nbd2 c3 16. Bxa6 Qxa6 17. bxc3 bxc3 18. Nb3 Rfe8 19. Nbd4 Rac8 20. Nc6 Nb8
21. Nfd4 Qc4 22. Bxf6 Bxf6 23. Rad1 Bxd4 24. Nxd4 Na6 25. Nc6 Nb4 26. Nxb4 Qxb4 27. Rb1= Qd4 28. Re3 Rc4 29. Rd1 Qe5 30. f3 Rec8
31. Rdd3 h6 32. Kf2 h5 33. g3 h4 34. f4 Qf6 35. Kg2 hxg3 36. Kxg3 g5 37. fxg5 Qe5+ 38. Kf3 Qxg5 39. Ke2 Qf4 40. Rg3+ Kf8
41. Rde3 Rd4
0-1

[Event "2008 Standard Chess Dropout Tournament, Round 3"]
[Site "SchemingMind.com"]
[Date "2008.07.26"]
[Round "3"]
[White "Mekk"]
[Black "marble"]
[Result "1/2-1/2"]
[WhiteCountry "POL"]
[BlackCountry "ENG"]
[WhiteElo "1981"]
[WhiteRD "70"]
[BlackElo "1761"]
[BlackRD "56"]
[GameID "164390"]

1. e4 c5 2. Nf3 g6 3. d4 cxd4 4. Nxd4 Bg7 5. Be3 Nc6 6. c4 Nh6 7. Nc3 O-O 8. Be2 f5 9. exf5 Nxf5 10. Nxf5 gxf5
11. Qd2 f4 12. Bxf4 d6 13. Bg3 e5 14. O-O Nd4 15. Bd3 Bf5 16. Ne4 a6 17. Rfd1 Qb6 18. b3 Bg4 19. Re1 Qc6 20. Qg5 Bf3
21. Re3 Ne6 22. Qe7 Rae8 23. Qxd6 Bxe4 24. Qxc6 Bxc6 25. Bxe5 Rf7 26. Rae1 Bh6 27. Rg3+ Ng7 28. Bc3 Rxe1+ 29. Bxe1 Re7 30. Bc3 Bd7
31. Kf1 Bf4 32. Rf3 Be5 33. Re3 Bd6 34. Rxe7 Bxe7 35. h3 Bc6 36. g3 Ne6=
1/2-1/2

[Event "2008 Standard Chess Dropout Tournament, Round 3"]
[Site "SchemingMind.com"]
[Date "2008.07.26"]
[Round "3"]
[White "Robert Pallett"]
[Black "heuschrecke"]
[Result "0-1"]
[WhiteCountry "ENG"]
[BlackCountry "GER"]
[WhiteElo "2323"]
[WhiteRD "84"]
[BlackElo "2470"]
[BlackRD "88"]
[GameID "164391"]

1. e4 d5 2. exd5 Nf6 3. d4 Bg4 4. f3 Bf5 5. g4 Bg6 6. c4 e6 7. Qb3 c5 8. g5 Nh5 9. Qxb7 Nd7 10. dxe6 fxe6
11. d5 Rb8 12. Qa6 exd5 13. cxd5 Bd6 14. Nc3 O-O 15. Ne4 Bf4 16. Bxf4 Nxf4 17. O-O-O Bxe4 18. fxe4 Qxg5
0-1

[Event "2008 Standard Chess Dropout Tournament, Round 3"]
[Site "SchemingMind.com"]
[Date "2008.07.22"]
[Round "3"]
[White "montinskij"]
[Black "Silvy"]
[Result "0-1"]
[WhiteCountry "USA"]
[BlackCountry "ITA"]
[WhiteElo "2036"]
[WhiteRD "118"]
[BlackElo "2261"]
[BlackRD "107"]
[GameID "164392"]

1. e4 c6 2. d4 d5 3. e5 Bf5 4. Nf3 e6 5. Be2 Nd7 6. O-O Ne7 7. Nh4 Bg6 8. Nd2 c5 9. c3 Nc6 10. Nxg6 hxg6
11. Nf3 Be7 12. Be3 a6 13. Qb3 Qc7 14. Rac1 Rc8 15. h3 Na5 16. Qd1 Nc4 17. Bxc4 dxc4 18. Re1 cxd4 19. Qxd4 Rh5 20. Bf4 b5
21. b4 Nb6 22. Red1 Nd5 23. Qe4 a5 24. a3 Rd8 25. Rd4 Qa7 26. Bd2 Kf8 27. Rd1 axb4 28. axb4 Qa3 29. Qe1 Ra8 30. Re4 Bd8
31. Kh2 Bb6 32. g4 Rh8 33. Nd4 Qa4 34. Kg2 Kg8 35. f3 Bd8 36. Rc1 Bh4 37. Qd1 Qa6 38. Qc2 Qb7 39. Rd1 Ra3 40. Rf1 Kh7
41. g5 Kg8 42. Kg1 Rh5 43. Rg4 Qa7 44. Rd1 Ra2 45. Qc1 Qb8 46. f4 Nxf4 47. Rxf4 Rxg5+ 48. Kf1 Qa8 49. Nf3 Bg3 50. Rxf7 Kxf7
51. Nxg5+ Ke8 52. Kg1 Qa7+ 53. Be3 Bf2+ 54. Kf1 Bxe3 55. Qb1 Rf2+ 56. Kg1 Rb2+ 57. Kf1 Rxb1 58. Rxb1 Qa2 59. Rb2 Qxb2 60. Ne4 Qb1+
61. Ke2 Qxe4
0-1

[Event "2008 Standard Chess Dropout Tournament, Round 3"]
[Site "SchemingMind.com"]
[Date "2008.07.26"]
[Round "3"]
[White "NebAnphu"]
[Black "fjpv"]
[Result "0-1"]
[WhiteCountry "POL"]
[BlackCountry "POR"]
[WhiteElo "2198"]
[WhiteRD "92"]
[BlackElo "2405"]
[BlackRD "81"]
[GameID "164393"]

1. d4 d5 2. Nf3 Nf6 3. e3 g6 4. Nbd2 Bg7 5. Bd3 Nc6 6. c3 O-O 7. e4 e5 8. dxe5 Ng4 9. O-O Ngxe5 10. Nxe5 Nxe5
11. Be2 Re8 12. exd5 Qxd5 13. Nf3 Be6 14. Nd4 Bd7 15. Nb5 Qc6 16. a4 Rad8 17. Nd4 Qf6 18. Bd2 c5 19. Nf3 Bc6 20. Nxe5 Rxe5
21. Qe1 Qe6 22. Be3 f5
0-1

[Event "2008 Standard Chess Dropout Tournament, Round 3"]
[Site "SchemingMind.com"]
[Date "2008.07.22"]
[Round "3"]
[White "NimbleKnight"]
[Black "Brennan Price"]
[Result "1-0"]
[WhiteCountry "USA"]
[BlackCountry "USA"]
[WhiteElo "1964"]
[WhiteRD "105"]
[BlackElo "1984"]
[BlackRD "87"]
[GameID "164394"]

1. e4 c5 2. Nf3 g6 3. d4 cxd4 4. Qxd4 Nf6 5. Nc3 Nc6 6. Qa4 d6 7. e5 dxe5 8. Nxe5 Qd4 9. Nxc6 Qxa4 10. Nxa4 bxc6
11. Be3 e5 12. O-O-O Be7 13. Bc4 O-O 14. Rhe1 Bf5 15. h3 Rfd8 16. Bg5 Rxd1+ 17. Kxd1 Rd8+ 18. Kc1 Rd4 19. Bb3 Re4 20. Rxe4 Bxe4
21. g3 Kg7 22. Be3 Nd5 23. Bxa7 Bg5+ 24. Kd1 f5 25. Nc5 Bf3+ 26. Ke1 Bc1 27. Nd3
1-0

[Event "2008 Standard Chess Dropout Tournament, Round 3"]
[Site "SchemingMind.com"]
[Date "2008.07.26"]
[Round "3"]
[White "nimzoking"]
[Black "C. H. O'D. Schlechter"]
[Result "0-1"]
[WhiteCountry "ENG"]
[BlackCountry "USA"]
[WhiteElo "2165"]
[WhiteRD "67"]
[BlackElo "2426"]
[BlackRD "72"]
[GameID "164395"]

1. c4 Nf6 2. Nc3 e5 3. g3 Bb4 4. Nf3 Nc6 5. Bg2 O-O 6. Nd5 e4 7. Nh4 Re8 8. O-O Bc5 9. d3 exd3 10. Qxd3 Ne5
11. Qc2 c6 12. Be3 cxd5 13. Bxc5 d6 14. Bd4 dxc4 15. Bxe5 dxe5 16. Nf3 Qc7 17. Rac1 Be6 18. Ng5 Rac8 19. Nxe6 fxe6 20. Qa4 a6
21. Rfd1 e4 22. e3 Qe5 23. Rd4 b5 24. Qc2 Red8 25. Rcd1 Rd5 26. Qc3 Kf7 27. Qa3 Rc6 28. Qa5 Qd6 29. h3 Qc5 30. Qc3 b4
31. Qc2 c3 32. b3 Rxd4 33. Rxd4 Rd6 34. Rc4 Qh5 35. g4 Rd2
0-1

[Event "2008 Standard Chess Dropout Tournament, Round 3"]
[Site "SchemingMind.com"]
[Date "2008.08.01"]
[Round "3"]
[White "Orange Lion"]
[Black "montinskij"]
[Result "1-0"]
[WhiteCountry "NED"]
[BlackCountry "USA"]
[WhiteElo "2337"]
[WhiteRD "89"]
[BlackElo "2036"]
[BlackRD "118"]
[GameID "164396"]

1. Nf3 Nf6 2. c4 c5 3. g3 g6 4. Bg2 Bg7 5. O-O O-O 6. Nc3 Nc6 7. d4 cxd4 8. Nxd4 Nxd4 9. Qxd4 d6 10. Qd3 Bf5
11. e4 Be6 12. b3 Qa5 13. Bd2 Qh5 14. f3 Nd7 15. Rac1 Ne5 16. Qe2 Nc6 17. Nd5 Bb2 18. Rcd1 Be5 19. Be3 Rac8 20. Qf2 b6
21. f4 Bg7 22. f5 Bxd5 23. exd5 Ne5 24. h3 Bh6 25. Bd4 Bg7 26. g4 Qh6 27. Be3 g5 28. Qd2 Bf6 29. Rfe1 Nd7 30. Re2 Nc5
31. Bf2 Qg7 32. Rc1 a5 33. Rd1 Rc7 34. Be3 Qh6 35. Qc1 Rb8 36. Rc2 Rcc8 37. Qd2 Rc7 38. Re1 Rd8 39. Bf2 Be5 40. Rd1 Bf4
41. Qe1 Be5 42. Re2 Qf6 43. Qd2 Bc3 44. Qc1 h6 45. Be3= Rb8 46. Rc2 Be5 47. Qd2 Kg7 48. Rf1 Ra8 49. h4 gxh4 50. g5 hxg5
51. Bxg5 Bd4+ 52. Kh1 Qe5 53. Re1 Qxf5 54. Qxd4+ f6 55. Bh6+ Kxh6 56. Qxh4+ Qh5 57. Qxh5+ Kxh5 58. Rg1 Kg4 59. Rf2 Kg5 60. Be4+
1-0

[Event "2008 Standard Chess Dropout Tournament, Round 3"]
[Site "SchemingMind.com"]
[Date "2008.07.26"]
[Round "3"]
[White "pawngrabber"]
[Black "traxla"]
[Result "0-1"]
[WhiteCountry "ENG"]
[BlackCountry "USA"]
[WhiteElo "1857"]
[WhiteRD "86"]
[BlackElo "2127"]
[BlackRD "109"]
[GameID "164397"]

1. d4 Nf6 2. c4 e6 3. Nf3 d5 4. Nc3 c6 5. Qc2 dxc4 6. e3 b5 7. a4 b4 8. Ne4 Nxe4 9. Qxe4 Ba6 10. Be2 Qd5
11. Qg4 h5 12. Qg3 c3 13. Bxa6 Nxa6 14. O-O c2 15. Nd2 g6 16. b3 Bd6 17. Qf3 Qxf3 18. Nxf3 c5 19. Ra2 cxd4 20. Nxd4 Rc8
21. Rxc2 Rxc2 22. Nxc2 O-O 23. Bb2 Rc8 24. Rc1 Bf8 25. Nd4 Rxc1+ 26. Bxc1 Nc5 27. Bd2 a5 28. e4 Nxe4 29. Be3 Nc5 30. Nc6 Nxb3
31. Bb6 Nd2 32. Nxa5 Bg7
0-1